Elektromagnetická kompatibilita"EMC" 1988

Salvato in:
Dettagli Bibliografici
Natura: Libro
Lingua:ceco
Pubblicazione: Praha : České vysoké učení technické v Praze, 1988
Edizione:1.vyd.
Tags: Aggiungi Tag
Nessun Tag, puoi essere il primo ad aggiungerne!!

MARC

LEADER 00000nam a22000003a 4500
001 stu5682
005 20150408175050.7
008 940503s1988----cs------------------cze-d
040 |a STU  |b slo 
041 0 |a cze 
044 |a cs 
080 |a 621.391.8 
080 |a 621.396.66 
080 |a 061.3(08) 
245 |a Elektromagnetická kompatibilita"EMC" 1988 
250 |a 1.vyd. 
260 |a Praha :  |b České vysoké učení technické v Praze,  |c 1988 
300 |a 72 s 
996 |c I*Z9884  |l I  |s A  |a 24  |w stu5682_0001